Κατάλογος Βιβλιοθηκών Mediterranean College

Θέματα Χρηματοοικονομικής Διοίκησης (Record no. 6315)

MARC details
000 -LEADER
fixed length control field 02471cam a22002174a 4500
005 - ΗΜΕΡΟΜΗΝΙΑ ΚΑΙ ΩΡΑ ΤΕΛΕΥΤΑΙΑΣ ΕΝΗΜΕΡΩΣΗΣ
Πεδίο ελέγχου 20250605164239.0
008 - FIXED-LENGTH DATA ELEMENTS--GENERAL INFORMATION
Πεδίο ελέγχου σταθερού μήκους 250528s ||||||||||||||||||||||||d
035 ## - SYSTEM CONTROL NUMBER
System control number 21248
020 ## - ISBN
ISBN 9789609902304
040 ## - ΠΗΓΗ ΚΑΤΑΛΟΓΟΓΡΑΦΗΣΗΣ
Φορέας πρωτότυπης καταλογογράφησης MC Athens Campus Library
Γλώσσα καταλογογράφησης Ελληνικά, Μοντέρνα (1453-)
Modifying agency MC Athens Campus Library
Κανόνες περιγραφικής καταλογογράφησης AACR2
245 1# - ΤΙΤΛΟΣ ΚΑΙ ΔΗΛΩΣΗ ΥΠΕΥΘΥΝΟΤΗΤΑΣ
Τίτλος Θέματα Χρηματοοικονομικής Διοίκησης
250 ## - EDITION STATEMENT
Edition statement
260 ## - PUBLICATION, DISTRIBUTION, ETC.
Date of publication, distribution, etc. 2011
300 ## - PHYSICAL DESCRIPTION
Extent 288
520 ## - SUMMARY, ETC.
Summary, etc. Το βιβλίο αυτό απευθύνεται σε Οικονομικές Διευθύνσεις Επιχειρήσεων, Σύμβουλους Επιχειρήσεων, Λογιστές, Φοιτητές και Σπουδαστές Οικονομικών Σχολών καθώς και σε αχολούμενους με τη Χρηματοοικονομική Διοίκηση. Ο Επιχειρησιακός Σχεδιασμός ως Εργαλείο Λήψης Αποφάσεων, Επιχείρηση και Εργαλεία Οικονομικής Διοίκησης, Προγραμματισμός Επιχειρήσεων: Η Λογική Προσέγγιση του Μέλλοντος της Επιχείρησης, Οδηγός Δημιουργίας Επιχειρησιακού Σχεδίου Business Plan, Προϋπολογισμός: Η Πυξίδα της Επιχείρηησης, Μορφές Χρηματοδότησης Μικρομεσαίων Επιχειρήσεων, Ανάλυση Κινδύνων Επιχειρήσεων (Risk Analysis), Το Νεκρό Σημείο της Επιχείρησης και η Χρησιμότητα του, Παραγωγικότητα και Διοίκηση με Αντικειμενικούς Σκοπούς και Σύστημα Ανταμοιβής σαν Κίνητρο Παραγωγικότητας, Ο Ισολογισμός της Επιχείρησης και η Ερμηνεία των Στοιχείων του, Χρηματοοικονομική Ανάλυση και Αξιολόγηση Ισολογισμών Επιχειρήσεων, Ρευστότητα Επιχειρήσεων: Γενική Ρευστότητα και Δείκτης και Αξιολόγηση, Κρίσιμα Σημεία Αξιολόγησης Επιχειρήσεων, Ερμηνεία - Υπολογισμός Δεικτών Ρευστότητας, Specisoft.
700 1# - ΠΡΟΣΘΕΤΗ ΑΝΑΓΡΑΦΗ--ΦΥΣΙΚΟ ΠΡΟΣΩΠΟ
Personal name Specisoft
9 (RLIN) 7280
700 1# - ΠΡΟΣΘΕΤΗ ΑΝΑΓΡΑΦΗ--ΦΥΣΙΚΟ ΠΡΟΣΩΠΟ
Personal name Βασιλειάδης Θεοκλής
9 (RLIN) 7281
942 ## - ADDED ENTRY ELEMENTS (KOHA)
Koha item type Books
Holdings
Τύπος τεκμηρίου Βιβλιοθήκη Τρέχουσα τοποθεσία Barcode Αριθμός εισαγωγής Ημερομηνία απόκτησης Ταξιθετικό σύμβολο Αριθμός αντιτύπου Κατάσταση απόσυρσης Κατάσταση χαμένου Κατάσταση κατεστραμμένου Μη δανεισμός Σύνολο δανεισμών Ημερομηνία τελευταίας εμφάνισης Η τιμή ισχύει από
Books MC Athens Campus Library MC Athens Campus Library 9780000063144 5232 05/06/2025 658.15 VAS 1           05/06/2025 05/06/2025

MC Athens Campus Library
Πατησίων 94 & Κοδριγκτώνος 13, 104 34
Πελλήνης 8 & Πατησίων 107, 112 51
Τ: +30 210 8899600

MC Thessaloniki Campus Library
Ίωνος Δραγούμη 21, 54625 | Ίωνος Δραγούμη 15, 54625
Τ: +30 2310 287779 – Τ: +30 2314 440300